Horrorfilm-Quiz - Statistiken

Allgemein
  • Dieses Quiz wurde 246 mal gespielt
  • Das Durchschnittsergebnis liegt bei 5 aus 15
Antwortstatistiken
Hint Antwort % Korrekt
Alle, die sich dieses Video anschauen, sterben genau sieben Tage später Ring
66%
Ein Doktor versucht auf sehr groteske Weise, eine Art Menschenkette zu bilden The Human Centipede
61%
Ein Vater findet alte Filmrollen auf dem Dachboden, mit erschreckenden Inhalten Sinister
56%
Im Pariser Untergrund gerät eine Führung außer Kontrolle Katakomben
45%
Die Urlaubsreise nach Schweden wird für eine junge Frau zum Horrortrip, da die Sommersonnenwende ansteht Midsommar
45%
Mach bloß kein Geräusch!! A Quiet Place
43%
Eine Familie bekommt im Urlaub unangenehmen Besuch von ihresgleichen Wir
42%
Eine junge Frau stellt ihrer Familie ihren neuen Freund vor, jedoch mit bösen Folgen Get Out
39%
Eine schwarze Gestalt mit weißer Grimasse aus einem Bilderbuch lehrt einer Mutter und ihrem Kind das fürchten Der Babadook
35%
Ein Dämon der sich über Geschlechtverkehr überträgt It Follows
29%
Eine Wüstendurchquerung wird für eine Familie zum Alptraum, als seltsame Gestalten auftauchen The Hills Have Eyes
26%
Eine verstorbene Mitschülerin rächt sich nach ihrem Tod online im Live-Chat an ihren ehemaligen Freunden. Unknown User
24%
Eine Bankangestellte verweigert die Fristverlängerung eines fälligen Kredits und wird daraufhin von einer altern Zigeunerin verflucht Drag Me to Hell
21%
Kein Mensch hat je länger als eine Stunde in diesem Raum überlebt Zimmer 1408
8%
Ein Teenager ist der einzige, der durchschaut, dass es sich bei dem neuen Nachbarn um einen Vampir handelt Fright Night
7%
Keine übereinstimmenden Quizze gefunden
Verteilung der Resultate
Anzahl Personen mit jedem Resultat
Perzentil nach korrekt beantworteten Fragen
Ihre Resultats-Entwicklung
Sie haben dieses Quiz noch nicht gespielt